[Event "HUN-chT2 Toth 1819"]
[Site "Hungary"]
[Date "2019.03.31"]
[Round "10.11"]
[White "Kovacs, Gergo Patrik"]
[Black "Vizkeleti, Pal"]
[Result "1-0"]
[WhiteElo "1577"]
[BlackElo "1773"]
[PlyCount "45"]
[EventDate "2018.09.23"]
[EventType "team-tourn"]
[EventRounds "11"]
[EventCountry "HUN"]
[SourceTitle "EXT 2021"]
[Source "ChessBase"]
[SourceDate "2020.10.23"]
[SourceVersion "1"]
[SourceVersionDate "2020.10.23"]
[SourceQuality "1"]
[WhiteTeam "Bekes"]
[BlackTeam "Karcag"]
[WhiteTeamCountry "HUN"]
[BlackTeamCountry "HUN"]

1. c4 c5 2. Nc3 Nc6 3. g3 e5 4. Bg2 d6 5. e4 h5 6. Nf3 Be7 7. h4 Bg4 8. Qc2 Nh6 9. d3 0-0 10. Bxh6 gxh6 11. 0-0 f5 12. exf5 Rxf5 13. Nd2 Nd4 14. Qc1 Kg7 15. f3 Bxh4 16. gxh4 Qxh4 17. fxg4 Rxf1+ 18. Qxf1 Rf8 19. Qe1 Qxg4 20. Qe4 Qg5 21. Rf1 Qxd2 22. Qxb7+ Kg8 23. Bd5+ 1-0

[Event "HUN-chT2 Toth 1819"]
[Site "Hungary"]
[Date "2018.10.28"]
[Round "3.11"]
[White "Bacsur, Imre"]
[Black "Vizkeleti, Pal"]
[Result "1/2-1/2"]
[WhiteElo "1743"]
[BlackElo "1773"]
[PlyCount "89"]
[EventDate "2018.09.23"]
[EventType "team-tourn"]
[EventRounds "11"]
[EventCountry "HUN"]
[SourceTitle "EXT 2021"]
[Source "ChessBase"]
[SourceDate "2020.10.23"]
[SourceVersion "1"]
[SourceVersionDate "2020.10.23"]
[SourceQuality "1"]
[WhiteTeam "Oroshaza"]
[BlackTeam "Karcag"]
[WhiteTeamCountry "HUN"]
[BlackTeamCountry "HUN"]

1. e4 c5 2. Nf3 e6 3. d4 Qc7 4. c3 b6 5. Bd3 d6 6. 0-0 a6 7. e5 dxe5 8. Be4 Bb7 9. Bxb7 Qxb7 10. dxe5 Nc6 11. Qe2 Nge7 12. Bf4 Ng6 13. Bg3 Be7 14. Nbd2 h5 15. h3 h4 16. Bh2 b5 17. Ne4 0-0 18. Rad1 Rad8 19. Nd6 Bxd6 20. exd6 e5 21. Qe4 Na5 22. Qxb7 Nxb7 23. Nxe5 Nxe5 24. Bxe5 Rfe8 25. Bh2 Re6 26. Rd5 Rd7 27. Rfd1 Re2 28. R5d2 Re4 29. Kf1 c4 30. Rd4 Rxd4 31. Rxd4 g5 32. Be5 Kh7 33. f4 Kg6 34. fxg5 Kxg5 35. Bf4+ Kf5 36. Bh2 Ke6 37. Re4+ Kd5 38. Rxh4 Nc5 39. Rd4+ Kc6 40. g4 f6 41. Ke2 Rh7 42. Kf2 Rxh3 43. Bg3 Rh8 44. Kg2 Ne6 45. Rd2 1/2-1/2

[Event "HUN-chT2 Toth 1718"]
[Site "Hungary"]
[Date "2017.10.08"]
[Round "2.11"]
[White "Vizkeleti, Pal"]
[Black "Koszta, Benedek"]
[Result "0-1"]
[WhiteElo "1755"]
[BlackElo "1846"]
[PlyCount "62"]
[EventDate "2017.09.24"]
[EventType "team-tourn"]
[EventRounds "11"]
[EventCountry "HUN"]
[SourceTitle "EXT 2021"]
[Source "ChessBase"]
[SourceDate "2020.10.23"]
[SourceVersion "1"]
[SourceVersionDate "2020.10.23"]
[SourceQuality "1"]
[WhiteTeam "Karcag"]
[BlackTeam "Szeged Maroczy II"]
[WhiteTeamCountry "HUN"]
[BlackTeamCountry "HUN"]

1. e4 c5 2. Nf3 d6 3. d4 cxd4 4. Nxd4 Nf6 5. Nc3 a6 6. Be2 e5 7. Nb3 Be7 8. 0-0 0-0 9. Be3 Be6 10. Bf3 Nbd7 11. h3 Nb6 12. Bxb6 Qxb6 13. Qe2 Rac8 14. Rfd1 Qc7 15. Rac1 b5 16. Nd5 Nxd5 17. exd5 Bf5 18. c3 h6 19. g4 Bg6 20. Be4 Bxe4 21. Qxe4 Bg5 22. Rc2 f5 23. gxf5 Qd7 24. h4 Rc4 25. Qd3 Rxh4 26. f3 Rxf5 27. Nd2 Qa7+ 28. Kg2 Rh2+ 29. Kxh2 Qf2+ 30. Kh3 Bf4 31. Nf1 Rh5+ 0-1

[Event "HUN-chT2 Toth 0910"]
[Site "Hungary"]
[Date "2010.05.02"]
[Round "11.9"]
[White "Ver, Imre"]
[Black "Vizkeleti, Pal"]
[Result "1-0"]
[WhiteElo "1921"]
[BlackElo "1843"]
[PlyCount "91"]
[EventDate "2009.11.08"]
[EventType "team-tourn"]
[EventRounds "11"]
[EventCountry "HUN"]
[SourceTitle "EXT 2011"]
[Source "ChessBase"]
[SourceDate "2010.11.26"]
[SourceVersion "1"]
[SourceVersionDate "2010.11.26"]
[SourceQuality "1"]
[WhiteTeam "Roszke"]
[BlackTeam "Karcag"]
[WhiteTeamCountry "HUN"]
[BlackTeamCountry "HUN"]

1. Nf3 d5 2. d4 c5 3. b3 cxd4 4. Qxd4 Nc6 5. Qd1 e5 6. Bb2 Bd6 7. e3 a6 8. Be2 Nf6 9. 0-0 0-0 10. Nbd2 Be6 11. c4 Rc8 12. Rc1 e4 13. Nd4 Bb8 14. Nxe6 fxe6 15. Re1 Qd6 16. Nf1 Qe7 17. Ng3 Rcd8 18. Qc2 Bd6 19. cxd5 exd5 20. Nf5 Qe6 21. Nxd6 Qxd6 22. Rcd1 Qe6 23. Rd2 Qf5 24. a3 Rc8 25. Qd1 Ne7 26. Rf1 Kh8 27. Rc2 Qg5 28. Rxc8 Rxc8 29. Qd2 Ng6 30. Bxf6 gxf6 31. Kh1 Rg8 32. Rg1 h5 33. f4 Qf5 34. g4 Qd7 35. Qe1 hxg4 36. Bxg4 Qh7 37. Qc3 d4 38. Qxd4 Qe7 39. Bf5 Nh4 40. Rxg8+ Kxg8 41. Bxe4 Kg7 42. b4 Qc7 43. Qc5 Qd7 44. Qd5 Qh3 45. Qxb7+ Kh6 46. Qh7# 1-0

[Event "Eger Tel op"]
[Site "Eger"]
[Date "2009.02.01"]
[Round "7"]
[White "Vizkeleti, Pal"]
[Black "Toth, Sandor Sr"]
[Result "1-0"]
[WhiteElo "1889"]
[BlackElo "1814"]
[PlyCount "59"]
[EventDate "2009.01.29"]
[EventType "swiss"]
[EventRounds "7"]
[EventCountry "HUN"]
[SourceTitle "EXT 2011"]
[Source "ChessBase"]
[SourceDate "2010.11.26"]
[SourceVersion "1"]
[SourceVersionDate "2010.11.26"]
[SourceQuality "1"]

1. e4 c5 2. Nf3 d6 3. d4 cxd4 4. Nxd4 Nf6 5. Nc3 a6 6. f3 e5 7. Nb3 Be6 8. Be3 Be7 9. Bd3 Nbd7 10. Qe2 0-0 11. 0-0 Rc8 12. Rad1 Qc7 13. Nc1 Nc5 14. h3 Nxd3 15. cxd3 d5 16. d4 dxe4 17. d5 exf3 18. Qxf3 Bd7 19. Nd3 Rfe8 20. Qf2 Rf8 21. Bb6 Qb8 22. Rde1 Bd6 23. Qh4 Rce8 24. Rxf6 gxf6 25. Ne4 Be7 26. Re3 Bf5 27. Rg3+ Bg6 28. d6 Bxd6 29. Nxf6+ Kh8 30. Rxg6 1-0

[Event "HUN-chT2 Toth 0809"]
[Site "Hungary"]
[Date "2009.01.25"]
[Round "6.8"]
[White "Horvath, Lajos Ludovic"]
[Black "Vizkeleti, Pal"]
[Result "1-0"]
[WhiteElo "2090"]
[BlackElo "1889"]
[PlyCount "91"]
[EventDate "2008.10.26"]
[EventType "team-tourn"]
[EventRounds "11"]
[EventCountry "HUN"]
[SourceTitle "EXT 2010"]
[Source "ChessBase"]
[SourceDate "2010.11.25"]
[SourceVersion "1"]
[SourceVersionDate "2010.11.25"]
[SourceQuality "1"]
[WhiteTeam "Kisujszallas"]
[BlackTeam "Karcag"]
[WhiteTeamCountry "HUN"]
[BlackTeamCountry "HUN"]

1. e4 c5 2. Nf3 d6 3. d4 cxd4 4. Nxd4 Nf6 5. Nc3 g6 6. f4 Bg7 7. e5 dxe5 8. fxe5 Nfd7 9. e6 Nf6 10. Bb5+ Kf8 11. 0-0 h5 12. Be3 Kg8 13. exf7+ Kh7 14. h3 Rf8 15. Bc4 Nc6 16. Nxc6 Qxd1 17. Raxd1 bxc6 18. Bc5 Bf5 19. Bxe7 Rfb8 20. f8Q Rxf8 21. Bxf8 Rxf8 22. Bb3 Rb8 23. Rd6 c5 24. Rc6 Ne4 25. Nxe4 Bxe4 26. Rc7 Kh6 27. c3 c4 28. Rxc4 Bd3 29. Rc7 Bxf1 30. Kxf1 a5 31. Ra7 Rf8+ 32. Ke2 Rf5 33. Ra6 Rg5 34. Kf2 h4 35. Bc2 Be5 36. Be4 Bg3+ 37. Ke3 Bc7 38. b4 Rg3+ 39. Bf3 Rg5 40. a4 axb4 41. cxb4 Bh2 42. b5 Re5+ 43. Be4 Bg1+ 44. Kd3 Rg5 45. b6 Rg3+ 46. Bf3 1-0